Name a Valid "ia" Country - Statistics

General Stats
  • This quiz has been taken 80,668 times
  • The average score is 8 of 12
Answer Stats
Suffix # Answer % Correct
BIA 6 Colombia | Gambia | Namibia | Saudi Arabia | Serbia | Zambia
94%
NIA 9 Albania | Armenia | Estonia | Lithuania | Mauritania | North Macedonia | Romania | Slovenia | Tanzania
88%
RIA 6 Algeria | Austria | Bulgaria | Liberia | Nigeria | Syria
83%
SIA 5 Indonesia | Malaysia | F.S. Micronesia | Russia | Tunisia
81%
VIA 2 Bolivia | Latvia
76%
LIA 3 Australia | Mongolia | Somalia
71%
DIA 2 Cambodia | India
61%
KIA 1 Slovakia
54%
TIA 1 Croatia
51%
GIA 1 Georgia
45%
PIA 1 Ethiopia
32%
CIA 1 St. Lucia
20%
No matching quizzes found
Score Distribution
Percent of People with Each Score
Percentile by Number Answered
Your Score History
You have not taken this quiz